[Event "Parsvnath Commonwealth ch 2010"]
[Site "Nueva Delhi IND"]
[Date "2010.05.12"]
[Round "5.15"]
[White "Prasenjit, Datta"]
[Black "Hossain, Enamul"]
[Result "1/2-1/2"]
[WhiteElo "2283"]
[BlackElo "2499"]
[PlyCount "318"]
[EventDate "2010.05.10"]
[EventType "swiss"]
[EventRounds "11"]
[EventCountry "IND"]
[Source "lmi"]
[SourceDate "2010.05.10"]

1. e4 c5 2. Nf3 Nc6 3. d4 cxd4 4. Nxd4 e5 5. Nb5 d6 6. c4 Be7 7. N1c3 a6 8. Na3
Be6 9. Nc2 Bg5 10. Ne3 Nge7 11. Bd3 O-O 12. Nf5 Bxc1 13. Rxc1 Qd7 14. Qg4 g6
15. Nxe7+ Qxe7 16. Qg3 Rac8 17. O-O Qd8 18. b3 Qa5 19. Qe3 Nd4 20. Bb1 b5 21.
f4 b4 22. Nd5 Bxd5 23. exd5 Qc5 24. Kh1 f5 25. Rcd1 Ne6 26. Qxc5 Nxc5 27. fxe5
dxe5 28. d6 Nd7 29. Rd5 Rc5 30. Rfd1 Rfc8 31. R5d2 a5 32. g4 e4 33. gxf5 gxf5
34. Rg2+ Kh8 35. Rdg1 R5c6 36. Rf2 Rf8 37. Rgf1 e3 38. Rxf5 Rxf5 39. Bxf5 Rxd6
40. Re1 Nc5 41. Rxe3 Rd1+ 42. Kg2 Rd2+ 43. Kg3 Rxa2 44. Re7 Nxb3 45. Rxh7+ Kg8
46. Rb7 Nd4 47. Be4 Re2 48. Bd5+ Kh8 49. h4 b3 50. c5 a4 51. c6 Rc2 52. c7 Nf5+
53. Kf4 Nd6 54. Bxb3 axb3 55. Rxb3 Rxc7 56. Ke5 Ne8 57. Ke6 Kh7 58. Rb4 Ng7+
59. Kf6 Rc5 60. Rb7 Rf5+ 61. Ke7 Rf4 62. Rb1 Rxh4 63. Kf6 Rh5 64. Rf1 Rh6+ 65.
Kf7 Rh5 66. Kf6 Kg8 67. Kg6 Rh2 68. Ra1 Rg2+ 69. Kf6 Nh5+ 70. Kf5 Kh7 71. Ra7+
Ng7+ 72. Kf4 Kg6 73. Ra6+ Kf7 74. Kf3 Rg1 75. Kf2 Rg5 76. Ra3 Kf6 77. Ra6+ Ne6
78. Kf3 Re5 79. Kg4 Rc5 80. Rb6 Rc4+ 81. Kf3 Kf5 82. Ke3 Rc3+ 83. Kd2 Rg3 84.
Rb8 Ke5 85. Re8 Kd5 86. Ra8 Rh3 87. Re8 Nf4 88. Rf8 Ke4 89. Ra8 Rd3+ 90. Kc2
Nd5 91. Ra4+ Ke3 92. Rh4 Rd2+ 93. Kb3 Kd3 94. Rh3+ Kd4 95. Rh4+ Kc5 96. Rh3 Rd4
97. Rg3 Rh4 98. Rg8 Rh3+ 99. Kc2 Nb6 100. Kd2 Nd5 101. Ke2 Ra3 102. Kd2 Nf6
103. Rc8+ Kd4 104. Ke2 Re3+ 105. Kd2 Ne4+ 106. Kc2 Re2+ 107. Kb3 Nc5+ 108. Ka3
Kc4 109. Rh8 Kc3 110. Rh3+ Nd3 111. Ka4 Rb2 112. Ka5 Kc4 113. Rh4+ Kd5 114.
Rh5+ Ne5 115. Ka4 Rb8 116. Rh1 Kc5 117. Rh5 Kd4 118. Rh4+ Kc3 119. Rh3+ Nd3
120. Ka5 Rb1 121. Ka4 Rb4+ 122. Ka5 Rb3 123. Ka4 Rb8 124. Ka5 Kc4 125. Rh4+ Kd5
126. Rh5+ Ne5 127. Rh1 Kc5 128. Ka4 Rb4+ 129. Ka3 Nc4+ 130. Ka2 Rb2+ 131. Ka1
Re2 132. Kb1 Kb4 133. Rh3 Ne3 134. Rh8 Kc3 135. Rh3 Kb3 136. Kc1 Rc2+ 137. Kb1
Rc3 138. Rh8 Nd5 139. Rb8+ Nb4 140. Rb7 Rc8 141. Rb6 Rd8 142. Kc1 Kc3 143. Rb7
Nd3+ 144. Kb1 Nc5 145. Rc7 Rd1+ 146. Ka2 Kb4 147. Rc8 Rd2+ 148. Kb1 Nd3 149.
Rb8+ Kc3 150. Rc8+ Kb3 151. Rb8+ Nb4 152. Kc1 Rd4 153. Rb7 Rd8 154. Rb6 Kc3
155. Rb7 Nd3+ 156. Kb1 Rh8 157. Rc7+ Kb3 158. Rb7+ Nb4 159. Kc1 Rd8 1/2-1/2

[Event "Parsvnath Commonwealth ch 2010"]
[Site "Nueva Delhi IND"]
[Date "2010.05.12"]
[Round "5.20"]
[White "Himanshu, Sharma"]
[Black "Das, Sayantan"]
[Result "0-1"]
[WhiteElo "2440"]
[BlackElo "2250"]
[PlyCount "102"]
[EventDate "2010.05.10"]
[EventType "swiss"]
[EventRounds "11"]
[EventCountry "IND"]
[Source "lmi"]
[SourceDate "2010.05.10"]

1. e4 e5 2. Nf3 Nc6 3. Bb5 a6 4. Bxc6 dxc6 5. Nc3 f6 6. d4 exd4 7. Nxd4 c5 8.
Nde2 Qxd1+ 9. Nxd1 Be6 10. Bf4 O-O-O 11. Ne3 Ne7 12. h4 g6 13. Rd1 Bg7 14. a3
h6 15. c3 b5 16. Nc1 Kb7 17. Ke2 f5 18. Nd3 Kb6 19. exf5 Nxf5 20. Nxf5 Bxf5 21.
Be3 Rhe8 22. Nc1 a5 23. Rxd8 Rxd8 24. Rd1 Rxd1 25. Kxd1 a4 26. Kd2 Kc6 27. Nd3
Bxd3 28. Kxd3 Kd5 29. g4 h5 30. f3 b4 31. c4+ Kd6 32. Bf4+ Ke6 33. Kc2 b3+ 34.
Kc1 Bf6 35. Bg3 c6 36. Kb1 Be5 37. Bf2 Bd4 38. Bg3 Be3 39. Ka1 Bd4 40. Kb1 Be5
41. Bf2 Bf4 42. Be1 Kd6 43. Ka1 Bh2 44. Bc3 Bg3 45. Bf6 Ke6 46. Bd8 Bf2 47. Kb1
Ke5 48. Bg5 Kd4 49. gxh5 gxh5 50. Kc1 Kxc4 51. Kd1 Bd4 0-1

[Event "Parsvnath Commonwealth ch 2010"]
[Site "Nueva Delhi IND"]
[Date "2010.05.12"]
[Round "5.21"]
[White "Chatterjee, Debaraj"]
[Black "Paciencia, Enrique"]
[Result "0-1"]
[WhiteElo "2266"]
[BlackElo "2429"]
[PlyCount "90"]
[EventDate "2010.05.10"]
[EventType "swiss"]
[EventRounds "11"]
[EventCountry "IND"]
[Source "lmi"]
[SourceDate "2010.05.10"]

1. d4 Nf6 2. c4 e6 3. Nc3 Bb4 4. Qc2 c5 5. dxc5 Bxc5 6. Nf3 O-O 7. Bf4 Nc6 8.
e3 d5 9. a3 Qa5 10. O-O-O Be7 11. Kb1 a6 12. cxd5 exd5 13. Ne5 Be6 14. Nxc6
bxc6 15. h3 c5 16. g4 Rad8 17. Qa4 Qxa4 18. Nxa4 Ne4 19. Rh2 d4 20. exd4 Bb3
21. Re1 Rxd4 22. f3 Bh4 23. Rxe4 Rd1+ 24. Bc1 Rxf1 25. Nxc5 Bd5 26. Ra4 Bxf3
27. Rc2 Bd1 28. Rac4 Bxc2+ 29. Kxc2 Rc8 30. b4 Be7 31. Rc3 a5 32. Kb3 axb4 33.
axb4 Bf6 34. Rc4 Rf3+ 35. Ka4 Rxh3 36. Bf4 h5 37. Bd6 Rh4 38. b5 Bd8 39. Kb4
Rxg4 40. Rxg4 hxg4 41. Nd7 Bc7 42. Bc5 Rd8 43. Nb6 g3 44. Nc4 g2 45. b6 Bh2 0-1

[Event "Parsvnath Commonwealth ch 2010"]
[Site "Nueva Delhi IND"]
[Date "2010.05.12"]
[Round "5.24"]
[White "Debashis, Das"]
[Black "Phadke Sohan"]
[Result "1/2-1/2"]
[WhiteElo "2400"]
[BlackElo "2208"]
[PlyCount "97"]
[EventDate "2010.05.10"]
[EventType "swiss"]
[EventRounds "11"]
[EventCountry "IND"]
[Source "lmi"]
[SourceDate "2010.05.10"]

1. e4 c5 2. Nf3 Nc6 3. d4 cxd4 4. Nxd4 Nf6 5. Nc3 e5 6. Ndb5 d6 7. Bg5 a6 8.
Na3 b5 9. Nd5 Be7 10. Bxf6 Bxf6 11. c3 Bb7 12. Nc2 Ne7 13. Nxf6+ gxf6 14. Bd3
d5 15. exd5 Qxd5 16. Ne3 Qe6 17. a4 e4 18. Be2 Rd8 19. Qc2 f5 20. g3 O-O 21.
axb5 axb5 22. Bxb5 Ng6 23. Bc4 Qc8 24. Ra5 f4 25. gxf4 Nxf4 26. Rg1+ Kh8 27.
Rf5 Nd3+ 28. Kf1 Qc7 29. Rg3 Ne5 30. Be2 Ra8 31. Qc1 Nd3 32. Qd1 Rfd8 33. Bxd3
exd3 34. Rh5 Be4 35. c4 d2 36. b3 Qc6 37. Nd5 Bxd5 38. Rxd5 Rxd5 39. cxd5 Qxd5
40. Re3 Qb5+ 41. Re2 Ra2 42. Kg2 Qg5+ 43. Kf1 Qf6 44. Re8+ Kg7 45. Qg4+ Qg6 46.
Qd4+ Qf6 47. Qg4+ Qg6 48. Qd4+ Qf6 49. Qg4+ 1/2-1/2

[Event "Parsvnath Commonwealth ch 2010"]
[Site "Nueva Delhi IND"]
[Date "2010.05.12"]
[Round "5.25"]
[White "Atabayev, Yusup"]
[Black "Tania, Sachdev"]
[Result "1/2-1/2"]
[WhiteElo "2217"]
[BlackElo "2398"]
[PlyCount "59"]
[EventDate "2010.05.10"]
[EventType "swiss"]
[EventRounds "11"]
[EventCountry "IND"]
[Source "lmi"]
[SourceDate "2010.05.10"]

1. e4 e5 2. d4 exd4 3. Qxd4 Nc6 4. Qe3 d6 5. Nc3 Nf6 6. Bc4 Be7 7. Bd2 Be6 8.
Bxe6 fxe6 9. O-O-O O-O 10. f4 Qb8 11. Qh3 e5 12. fxe5 Nxe5 13. Qe6+ Rf7 14. Nh3
Qc8 15. Qb3 c5 16. Bg5 c4 17. Qb5 a6 18. Qb6 Qc6 19. Qd4 h6 20. Bf4 Nfd7 21.
Nd5 Bf6 22. Kb1 Raf8 23. Bg3 Bd8 24. Nhf4 Nc5 25. Ne2 Ne6 26. Qc3 Ng5 27. Qd4
Ne6 28. Qc3 Ng5 29. Qd4 Ne6 30. Qc3 1/2-1/2

[Event "Parsvnath Commonwealth ch 2010"]
[Site "Nueva Delhi IND"]
[Date "2010.05.12"]
[Round "5.26"]
[White "Rathnakaran, K."]
[Black "Antonio, Viani D'cunha"]
[Result "1/2-1/2"]
[WhiteElo "2397"]
[BlackElo "2201"]
[PlyCount "87"]
[EventDate "2010.05.10"]
[EventType "swiss"]
[EventRounds "11"]
[EventCountry "IND"]
[Source "lmi"]
[SourceDate "2010.05.10"]

1. e4 c5 2. Nf3 d6 3. c3 Nf6 4. h3 Nc6 5. Bd3 e6 6. O-O Be7 7. Bc2 b6 8. d4 Bb7
9. d5 exd5 10. exd5 Nb8 11. c4 O-O 12. Nc3 Nbd7 13. Bf4 a6 14. a4 Re8 15. Qd3
Bf8 16. Rae1 Qc7 17. Re3 g6 18. Rfe1 Bg7 19. g4 Kf8 20. Bh2 Rxe3 21. Rxe3 Re8
22. Ng5 Rxe3 23. Qxe3 Ne5 24. Bxe5 dxe5 25. Nce4 Nxe4 26. Nxe4 a5 27. g5 Bc8
28. Bd1 Bf5 29. Bg4 Bxe4 30. Qxe4 Qd6 31. Kf1 f5 32. gxf6 Qxf6 33. Qd3 Ke7 34.
Qb3 e4 35. Qb5 Qd6 36. Qa6 Bd4 37. Qb7+ Kf6 38. Qxh7 Qf4 39. Qh4+ Kg7 40. Ke2
Qc1 41. Qe7+ Kh6 42. Qh4+ Kg7 43. Qe7+ Kh6 44. Qh4+ 1/2-1/2

[Event "Parsvnath Commonwealth ch 2010"]
[Site "Nueva Delhi IND"]
[Date "2010.05.12"]
[Round "5.29"]
[White "Shashaank, D.S."]
[Black "Ramnath Bhuvanesh.R"]
[Result "0-1"]
[WhiteElo "2144"]
[BlackElo "2350"]
[PlyCount "83"]
[EventDate "2010.05.10"]
[EventType "swiss"]
[EventRounds "11"]
[EventCountry "IND"]
[Source "lmi"]
[SourceDate "2010.05.10"]

1. d4 Nf6 2. Nc3 d5 3. Bg5 Nbd7 4. Nf3 g6 5. e3 Bg7 6. Ne5 c6 7. f4 O-O 8. Bd3
Ne8 9. O-O Nxe5 10. fxe5 f6 11. exf6 exf6 12. Bh4 Nd6 13. Qf3 Bf5 14. Rad1 Qe7
15. Rfe1 Rae8 16. Bg3 Bxd3 17. cxd3 f5 18. Rc1 Nf7 19. a3 Ng5 20. Qf2 Ne6 21.
Be5 Bxe5 22. dxe5 f4 23. d4 fxe3 24. Qxe3 Rf4 25. Rcd1 Ref8 26. Re2 Nxd4 27.
Red2 Qg5 28. Qg3 Rg4 29. Qxg4 Qxg4 30. Rxd4 Qf5 31. R4d2 Qxe5 32. Re2 Qf6 33.
Ree1 Qf2+ 34. Kh1 Qxb2 35. Nxd5 cxd5 36. Rxd5 Qe2 37. Rdd1 Qa6 38. h3 Qxa3 39.
Rd7 Rf7 40. Rd8+ Rf8 41. Rd7 Rf7 42. Rd8+ 0-1

[Event "Parsvnath Commonwealth ch 2010"]
[Site "Nueva Delhi IND"]
[Date "2010.05.12"]
[Round "5.30"]
[White "Stany, G.A."]
[Black "Kathmale, Sameer"]
[Result "1-0"]
[WhiteElo "2330"]
[BlackElo "2140"]
[PlyCount "133"]
[EventDate "2010.05.10"]
[EventType "swiss"]
[EventRounds "11"]
[EventCountry "IND"]
[Source "lmi"]
[SourceDate "2010.05.10"]

1. e4 c6 2. d4 d5 3. e5 c5 4. dxc5 Nc6 5. Bb5 Bf5 6. Nf3 e6 7. Be3 Nge7 8. O-O
Qc7 9. c3 h6 10. Nbd2 g5 11. Re1 Bg7 12. Bd4 Ng6 13. Nf1 O-O 14. Bxc6 bxc6 15.
h3 Nf4 16. Ng3 Bg6 17. Qd2 a5 18. b3 Qe7 19. Qe3 Rfb8 20. Ne2 Nxe2+ 21. Rxe2
Rb5 22. Nh2 Bh5 23. Rd2 Bf8 24. f4 gxf4 25. Qxf4 Qg5 26. Qf2 Bxc5 27. Rd3 Bxd4
28. cxd4 Kh7 29. Rg3 Qe7 30. Ng4 Bxg4 31. Rxg4 Rb6 32. Rf1 Rg8 33. Qxf7+ Qxf7
34. Rxf7+ Kh8 35. Rgf4 Rb4 36. Rc7 a4 37. Rxc6 axb3 38. axb3 Rg6 39. Rc3 Kh7
40. Kf2 Rg7 41. Rd3 Rc7 42. Rf6 Rb6 43. Rdf3 Rc2+ 44. Kg3 Rd2 45. Rf7+ Kg8 46.
R7f4 Rb7 47. Rg4+ Rg7 48. Rff4 Rd3+ 49. Kh4 Rxb3 50. Kh5 Kh7 51. Rxg7+ Kxg7 52.
Rg4+ Kh7 53. Rg6 Rd3 54. Rxh6+ Kg7 55. Rg6+ Kf7 56. Rg4 Ra3 57. Rf4+ Kg7 58. h4
Ra8 59. g4 Ra1 60. Kg5 Rd1 61. h5 Ra1 62. h6+ Kh7 63. Rf7+ Kg8 64. Kg6 Ra8 65.
h7+ Kh8 66. Rg7 Rf8 67. Rg8+ 1-0

[Event "Parsvnath Commonwealth ch 2010"]
[Site "Nueva Delhi IND"]
[Date "2010.05.12"]
[Round "5.31"]
[White "Bitan, Banerjee"]
[Black "Karma, Pandya"]
[Result "1/2-1/2"]
[WhiteElo "2311"]
[BlackElo "2134"]
[PlyCount "119"]
[EventDate "2010.05.10"]
[EventType "swiss"]
[EventRounds "11"]
[EventCountry "IND"]
[Source "lmi"]
[SourceDate "2010.05.10"]

1. d4 d5 2. c4 dxc4 3. Nf3 Nf6 4. e3 e6 5. Bxc4 a6 6. O-O c5 7. Bb3 Nbd7 8. e4
cxd4 9. e5 Ng4 10. Bf4 h5 11. h3 Nh6 12. Nxd4 Bc5 13. Nf3 Nf5 14. Nc3 O-O 15.
Ne4 Be7 16. Rc1 b6 17. Nfg5 g6 18. Bxe6 Nc5 19. Bd5 Ra7 20. Bc4 Rd7 21. Qe2 Nd4
22. Qe3 Nxe4 23. Nxe4 b5 24. Be2 Nf5 25. Qc3 b4 26. Qe1 Rd4 27. Rd1 Bb7 28. Ng3
Nh4 29. f3 Rxd1 30. Qxd1 Qb6+ 31. Kh2 Rd8 32. Qc1 Rc8 33. Qd2 Qe6 34. Bd3 Rd8
35. Qe2 Rd4 36. Be3 Rd8 37. Bf2 Bg5 38. Bc4 Bd5 39. Bxd5 Rxd5 40. Ne4 Rxe5 41.
Bg3 Rb5 42. Re1 Be7 43. Qf2 Nf5 44. Nd6 Bxd6 45. Rxe6 Bxg3+ 46. Qxg3 Nxg3 47.
Re8+ Kg7 48. Kxg3 Ra5 49. Rb8 Rg5+ 50. Kf2 a5 51. Re8 Rc5 52. Re2 Kf6 53. f4
Rc4 54. Kf3 a4 55. g4 hxg4+ 56. hxg4 g5 57. fxg5+ Kxg5 58. Re5+ Kg6 59. Ra5 Rc2
60. Rxa4 1/2-1/2

[Event "Parsvnath Commonwealth ch 2010"]
[Site "Nueva Delhi IND"]
[Date "2010.05.12"]
[Round "5.33"]
[White "Agaragimov, Djakhangir"]
[Black "Siddarth, M."]
[Result "1-0"]
[WhiteElo "2304"]
[BlackElo "1961"]
[PlyCount "131"]
[EventDate "2010.05.10"]
[EventType "swiss"]
[EventRounds "11"]
[EventCountry "IND"]
[Source "lmi"]
[SourceDate "2010.05.10"]

1. c4 Nf6 2. Nc3 g6 3. g3 Bg7 4. Bg2 O-O 5. e3 d6 6. Nge2 c6 7. O-O e5 8. Rb1
Be6 9. d3 Qc7 10. b4 a6 11. a4 Nbd7 12. Ba3 Rfd8 13. e4 Nf8 14. Qb3 b5 15. Bc1
Rab8 16. axb5 axb5 17. Bg5 h6 18. Bxf6 Bxf6 19. Nd1 c5 20. Ne3 bxc4 21. dxc4
Rxb4 22. Qa2 Rdb8 23. Nc3 Rxb1 24. Rxb1 Bd8 25. Nb5 Qc6 26. Qc2 Bc7 27. Qd3 Rb6
28. f4 Rb8 29. f5 Bc8 30. Rd1 Ba5 31. Qxd6 Qxd6 32. Rxd6 Bd7 33. Bf1 Kg7 34.
Kf2 Bc8 35. Bh3 Nh7 36. Rd5 Ng5 37. Bg2 Bb7 38. Rxe5 f6 39. Re7+ Kf8 40. Rd7
Bc6 41. Ra7 Bb6 42. Ra6 Nxe4+ 43. Bxe4 Bxe4 44. Nd6 gxf5 45. Nxe4 fxe4 46. Nd5
Bd8 47. Ke3 f5 48. Kf4 Bg5+ 49. Kxf5 e3 50. Re6 Rb2 51. h4 Bd8 52. Rxe3 Kf7 53.
Ke5 Ba5 54. Kd6 Kg6 55. Kxc5 Kf5 56. Kd6 Bd2 57. Re8 Rb3 58. Rg8 h5 59. c5 Be1
60. c6 Ba5 61. Rg5+ Ke4 62. Nf6+ Kf3 63. Rxa5 Kxg3 64. c7 Rc3 65. Rc5 Rd3+ 66.
Nd5 1-0

[Event "Parsvnath Commonwealth ch 2010"]
[Site "Nueva Delhi IND"]
[Date "2010.05.12"]
[Round "5.34"]
[White "Nishvin.J"]
[Black "Minhazuddin, Ahmed"]
[Result "1/2-1/2"]
[WhiteElo "1995"]
[BlackElo "2304"]
[PlyCount "131"]
[EventDate "2010.05.10"]
[EventType "swiss"]
[EventRounds "11"]
[EventCountry "IND"]
[Source "lmi"]
[SourceDate "2010.05.10"]

1. d4 Nf6 2. c4 e6 3. Nc3 Bb4 4. e3 O-O 5. Bd3 c5 6. Nge2 d5 7. cxd5 exd5 8. a3
Bxc3+ 9. bxc3 b6 10. O-O Ba6 11. Bxa6 Nxa6 12. Qd3 Nc7 13. c4 cxd4 14. Nxd4 Ne6
15. Nc6 dxc4 16. Qxc4 Rc8 17. Nxd8 Rxc4 18. Nxe6 fxe6 19. Bb2 b5 20. Rac1 Rfc8
21. Rxc4 Rxc4 22. Rc1 Rxc1+ 23. Bxc1 Kf7 24. Kf1 e5 25. Bb2 Ke6 26. f3 Nd5 27.
Ke2 Nb6 28. Bc3 Nc4 29. Bb4 a5 30. Bf8 g6 31. e4 Nb6 32. Bc5 Nd7 33. Be3 Kd6
34. Bd2 b4 35. axb4 a4 36. Kd3 Kc6 37. Kc3 Kb5 38. Be3 Nf8 39. Bc5 Nd7 40. Be3
Nb8 41. Bc5 Nd7 42. Bf2 Nb8 43. Bg3 Nc6 44. h4 a3 45. Kb3 a2 46. Kxa2 Kxb4 47.
Kb2 Kc4 48. Kc2 Kc5 49. Kd3 Kd6 50. Ke3 Ke6 51. f4 exf4+ 52. Kxf4 Ne5 53. Ke3
Ng4+ 54. Kf3 Nh6 55. Be1 Nf7 56. Bc3 Nd6 57. Kf4 Nf7 58. Bb2 Nh6 59. h5 gxh5
60. Kg5 Nf7+ 61. Kxh5 Nd6 62. e5 Nc4 63. Ba1 Nxe5 64. Bxe5 Kxe5 65. Kh6 Kf4 66.
Kxh7 1/2-1/2

[Event "Parsvnath Commonwealth ch 2010"]
[Site "Nueva Delhi IND"]
[Date "2010.05.12"]
[Round "5.36"]
[White "Kannemeyer, Werner"]
[Black "Deshmukh, Anup"]
[Result "0-1"]
[WhiteElo "1935"]
[BlackElo "2301"]
[PlyCount "46"]
[EventDate "2010.05.10"]
[EventType "swiss"]
[EventRounds "11"]
[EventCountry "IND"]
[Source "lmi"]
[SourceDate "2010.05.10"]

1. d4 Nf6 2. f4 b6 3. Nf3 Bb7 4. e3 g6 5. Bd3 Bg7 6. Nbd2 O-O 7. O-O c5 8. c3
d6 9. Qe2 Nc6 10. f5 e5 11. fxe6 fxe6 12. e4 cxd4 13. Nxd4 Nxd4 14. cxd4 Nh5
15. Nf3 Nf4 16. Bxf4 Rxf4 17. Rac1 Qe7 18. Rc2 Raf8 19. Rfc1 Qd8 20. Rc7 R4f7
21. Rxf7 Rxf7 22. Ba6 Bxa6 23. Qxa6 Rxf3 0-1

[Event "Parsvnath Commonwealth ch 2010"]
[Site "Nueva Delhi IND"]
[Date "2010.05.12"]
[Round "5.37"]
[White "Joshi, G B."]
[Black "Ivana Maria, Furtado"]
[Result "1-0"]
[WhiteElo "2293"]
[BlackElo "1863"]
[PlyCount "51"]
[EventDate "2010.05.10"]
[EventType "swiss"]
[EventRounds "11"]
[EventCountry "IND"]
[Source "lmi"]
[SourceDate "2010.05.10"]

1. e4 e6 2. d4 d5 3. Nd2 Nf6 4. e5 Nfd7 5. f4 c5 6. c3 Nc6 7. Ndf3 cxd4 8. cxd4
Qb6 9. a3 Be7 10. h4 O-O 11. Bd3 f5 12. Ne2 Re8 13. h5 Nf8 14. Rg1 Qd8 15. g4
fxg4 16. Rxg4 Bd7 17. Kf2 Kf7 18. Qg1 g6 19. hxg6+ Nxg6 20. Rxg6 hxg6 21. Qxg6+
Kf8 22. Qh6+ Kg8 23. Bh7+ Kh8 24. Bg6+ Kg8 25. Qh7+ Kf8 26. Qh8# 1-0

[Event "Parsvnath Commonwealth ch 2010"]
[Site "Nueva Delhi IND"]
[Date "2010.05.12"]
[Round "5.38"]
[White "Phiri, Richmond"]
[Black "Singh, Gurpreet Pal"]
[Result "0-1"]
[WhiteElo "2165"]
[BlackElo "2287"]
[PlyCount "122"]
[EventDate "2010.05.10"]
[EventType "swiss"]
[EventRounds "11"]
[EventCountry "IND"]
[Source "lmi"]
[SourceDate "2010.05.10"]

1. d4 c5 2. d5 Nf6 3. c4 Ne4 4. Qc2 Qa5+ 5. Nd2 Nd6 6. e4 g6 7. e5 Nf5 8. Ngf3
Bg7 9. Bd3 d6 10. exd6 Nxd6 11. O-O O-O 12. Nb3 Qc7 13. Bf4 Na6 14. a3 Bd7 15.
Nbd2 Qb6 16. Rab1 Rfc8 17. Rfe1 Qd8 18. Re2 Bf8 19. Rbe1 Nc7 20. Bg5 Nf5 21.
Ne4 f6 22. Bd2 e5 23. Ng3 Nxg3 24. hxg3 Ne8 25. g4 Bxg4 26. Bxg6 Qd7 27. Be4
Nd6 28. Re3 Bh6 29. R3e2 Qg7 30. Bxh6 Qxh6 31. Re3 Kh8 32. Nh2 Bd7 33. Bd3 Rg8
34. Nf1 Rg7 35. Rg3 Rag8 36. b4 b6 37. Qc3 Rc8 38. b5 Rcg8 39. a4 Rg5 40. Rxg5
Qxg5 41. g3 h5 42. Qd2 h4 43. Qxg5 Rxg5 44. Kh2 hxg3+ 45. Nxg3 Rg4 46. Rc1 f5
47. f3 Rh4+ 48. Kg2 Kg7 49. Ra1 Nxc4 50. Bxc4 Rxc4 51. a5 Rc2+ 52. Kg1 Kf6 53.
axb6 axb6 54. Ra6 Kg5 55. Rxb6 Kf4 56. Nf1 Kxf3 57. Rb7 Rg2+ 58. Kh1 Rg7 59.
Ra7 Kf2 60. Ra1 Bxb5 61. Nh2 Bc4 0-1

[Event "Parsvnath Commonwealth ch 2010"]
[Site "Nueva Delhi IND"]
[Date "2010.05.12"]
[Round "5.39"]
[White "Lafuente, Pablo"]
[Black "Tejas, Ravichandran"]
[Result "1-0"]
[WhiteElo "2587"]
[BlackElo "2165"]
[PlyCount "79"]
[EventDate "2010.05.10"]
[EventType "swiss"]
[EventRounds "11"]
[EventCountry "IND"]
[Source "lmi"]
[SourceDate "2010.05.10"]

1. d4 Nf6 2. Nf3 e6 3. g3 d5 4. Bg2 Be7 5. O-O O-O 6. c4 dxc4 7. Qc2 a6 8. a4
Bd7 9. Nbd2 c5 10. dxc5 Bxc5 11. Ne5 Nc6 12. Nxc6 Bxc6 13. Bxc6 bxc6 14. Nxc4
Nd5 15. Ne5 Qd6 16. Nd3 Bd4 17. Bd2 c5 18. Rac1 Rfc8 19. b3 h6 20. Rfd1 Qb6 21.
e3 Bf6 22. Qc4 Qa7 23. Ba5 Rab8 24. Rc2 h5 25. h4 Nb6 26. Bxb6 Qxb6 27. Rb1 a5
28. Qf4 Rb7 29. Rc4 Rbc7 30. Qf3 Qd6 31. Nf4 Be5 32. Nxh5 g6 33. Nf6+ Bxf6 34.
Qxf6 Qd3 35. Rbc1 Qxb3 36. h5 gxh5 37. Rh4 Qd5 38. Qh6 f5 39. Rxh5 Qe5 40. Rg5+
1-0

[Event "Parsvnath Commonwealth ch 2010"]
[Site "Nueva Delhi IND"]
[Date "2010.05.12"]
[Round "5.40"]
[White "Ankit, R. Rajpara"]
[Black "Debashish, Dutta"]
[Result "1-0"]
[WhiteElo "2350"]
[BlackElo "2160"]
[PlyCount "71"]
[EventDate "2010.05.10"]
[EventType "swiss"]
[EventRounds "11"]
[EventCountry "IND"]
[Source "lmi"]
[SourceDate "2010.05.10"]

1. e4 c5 2. c3 Nc6 3. d4 cxd4 4. cxd4 d5 5. exd5 Qxd5 6. Nf3 e5 7. Nc3 Bb4 8.
Bd2 Bxc3 9. Bxc3 e4 10. Ne5 Nxe5 11. dxe5 Ne7 12. Qc2 O-O 13. Rd1 Qxa2 14. Qxe4
Be6 15. Bd3 g6 16. O-O Nd5 17. Bd4 Rfd8 18. Bb1 Qa4 19. Bc5 Qc6 20. Bd6 Nb6 21.
Qh4 Rd7 22. Bd3 Nc8 23. Ba3 Bd5 24. Be2 Nb6 25. Rc1 Qe6 26. Bg4 Qxe5 27. Bxd7
Nxd7 28. Rfe1 Qf5 29. Qg3 Bc6 30. Bb4 Nf6 31. Re5 Qd7 32. Bc3 Rd8 33. h3 Qd6
34. Rce1 Nd5 35. Re8+ Bxe8 36. Qxd6 1-0

[Event "Parsvnath Commonwealth ch 2010"]
[Site "Nueva Delhi IND"]
[Date "2010.05.13"]
[Round "6.3"]
[White "Kravtsiv, Martyn"]
[Black "Gupta, Abhijeet"]
[Result "1/2-1/2"]
[WhiteElo "2546"]
[BlackElo "2570"]
[PlyCount "109"]
[EventDate "2010.05.10"]
[EventType "swiss"]
[EventRounds "11"]
[EventCountry "IND"]
[Source "lmi"]
[SourceDate "2010.05.10"]

1. e4 e5 2. Nf3 Nc6 3. Bb5 Nf6 4. O-O Nxe4 5. d4 Nd6 6. Bxc6 dxc6 7. dxe5 Nf5
8. Qxd8+ Kxd8 9. Nc3 Ke8 10. h3 h6 11. Rd1 Ne7 12. Be3 Ng6 13. Ne2 Be6 14. Ned4
Bd5 15. Nd2 Bc5 16. c4 Bxd4 17. Bxd4 Be6 18. b3 b6 19. Be3 Ke7 20. f4 h5 21.
Ne4 h4 22. Rd2 Bf5 23. Nc3 Rad8 24. Rad1 Rxd2 25. Rxd2 Rd8 26. Rxd8 Kxd8 27.
Kf2 Kd7 28. Bc1 c5 29. Ke3 a6 30. Bd2 Ne7 31. Be1 Bg6 32. Kd2 Nf5 33. Nd5 Kc6
34. Ne3 Nxe3 35. Kxe3 Bb1 36. Kd2 Be4 37. Bxh4 Bxg2 38. Be7 Bxh3 39. Bf8 g6 40.
a4 Kd7 41. Bh6 Bg4 42. Kc3 Bd1 43. Bg5 c6 44. Bf6 Ke6 45. Bd8 Kf5 46. Bg5 Ke4
47. Bh6 Bg4 48. Bg5 Bf5 49. Bh6 Kf3 50. Bg5 Ke3 51. Bh6 Ke2 52. Bg5 b5 53. axb5
cxb5 54. cxb5 axb5 55. b4 1/2-1/2

[Event "Parsvnath Commonwealth ch 2010"]
[Site "Nueva Delhi IND"]
[Date "2010.05.13"]
[Round "6.4"]
[White "Kokarev, Dmitry"]
[Black "Konguvel, Ponnuswamy"]
[Result "1-0"]
[WhiteElo "2612"]
[BlackElo "2412"]
[PlyCount "101"]
[EventDate "2010.05.10"]
[EventType "swiss"]
[EventRounds "11"]
[EventCountry "IND"]
[Source "lmi"]
[SourceDate "2010.05.10"]

1. g3 Nf6 2. Bg2 c5 3. c4 Nc6 4. Nc3 g6 5. e3 Bg7 6. Nge2 d6 7. O-O h5 8. h3
O-O 9. d4 cxd4 10. exd4 Bf5 11. Bg5 Rc8 12. b3 a6 13. Qd2 b5 14. cxb5 axb5 15.
Bxf6 Bxf6 16. Nxb5 Qb6 17. a4 Na5 18. Qe3 Bc2 19. Ra3 e6 20. Be4 d5 21. Bxc2
Rxc2 22. Raa1 Kg7 23. Rac1 Rfc8 24. Qd3 Rxc1 25. Rxc1 Rxc1+ 26. Nxc1 Nc6 27.
Ne2 Qa5 28. Kg2 Be7 29. Qc3 Qb6 30. Ng1 Bb4 31. Qd3 Ne7 32. Nf3 Qc6 33. Qd1 f6
34. Ne1 e5 35. Nd3 Bc3 36. Qc1 exd4 37. Qf4 g5 38. Qf3 h4 39. Qe2 Ng6 40. g4
Kf7 41. Kf1 Nf8 42. Qf3 Qe6 43. Nc7 Qe4 44. Kg2 Nd7 45. Nxd5 Qe6 46. Qf5 Qc6
47. Kg1 Qd6 48. b4 Nf8 49. a5 Ng6 50. Qxf6+ Qxf6 51. Nxf6 1-0

[Event "Parsvnath Commonwealth ch 2010"]
[Site "Nueva Delhi IND"]
[Date "2010.05.13"]
[Round "6.6"]
[White "Shivananda, B.S."]
[Black "Safarli, Eltaj"]
[Result "0-1"]
[WhiteElo "2387"]
[BlackElo "2610"]
[PlyCount "98"]
[EventDate "2010.05.10"]
[EventType "swiss"]
[EventRounds "11"]
[EventCountry "IND"]
[Source "lmi"]
[SourceDate "2010.05.10"]

1. e4 c5 2. Na3 Nc6 3. Bb5 Nf6 4. d3 g6 5. c3 Bg7 6. f4 O-O 7. Nf3 Na5 8. O-O
a6 9. Ba4 b5 10. Bc2 b4 11. cxb4 cxb4 12. Nc4 Nxc4 13. dxc4 d6 14. Qe1 Qb6+ 15.
Kh1 Bg4 16. Be3 Qc7 17. Qxb4 Rfb8 18. Qa3 Bxf3 19. gxf3 Qxc4 20. Bb3 Qc8 21.
Rf2 a5 22. Rc1 Qb7 23. Qa4 e6 24. Kg2 d5 25. e5 Nh5 26. Rfc2 Qe7 27. Kh3 Rb4
28. Rc8+ Rxc8 29. Rxc8+ Bf8 30. Qe8 Nxf4+ 31. Bxf4 Qxe8 32. Rxe8 Rxf4 33. Kg3
Rf5 34. Ra8 Rxe5 35. Kf2 d4 36. Bc4 Kg7 37. b3 Rh5 38. Kg2 Bd6 39. h3 Rg5+ 40.
Kf2 Bf4 41. a4 Kf6 42. Ra7 Re5 43. Bb5 d3 44. Rd7 d2 45. Be2 Be3+ 46. Kf1 Rg5
47. Bd1 Rg1+ 48. Ke2 Bf4 49. Bc2 Re1+ 0-1